Modelos Prc̀ticos de Administracin̤ de Riesgos

Bibliographic Details
Main Author: Montero Moreno, Carlos
Format: Book
Language:Spanish
Published: Mx̌ico Ediciones Fiscales ISEF 2016
Subjects:
Online Access:Acceso restringido

MARC

LEADER 00000nam a22000007a 4500
005 20160118120531.0
007 cr|z|| ||u|
008 160118s2016 mx ||||| |||| 00||0 spa d
020 |a 978-607-406-759-0 
035 |a 13020 
040 |a vLex 
090 |c 5796  |d 5796 
100 1 |a Montero Moreno, Carlos 
245 1 0 |a Modelos Prc̀ticos de Administracin̤ de Riesgos  |h [Recurso electrn̤ico] /  |c Carlos Montero Moreno  
256 |a Servicio en ln̕ea 
260 |a Mx̌ico  |b Ediciones Fiscales ISEF  |c 2016 
300 |a 1 recurso electrn̤ico  
500 |a Este libro desde una perspectiva muy prc̀tica, presenta los principales tp̤icos esenciales para entender y manejar los diferentes modelos para la administracin̤ de riesgos, entre los que destacan: La relacin̤ existente entre el riesgo y el rendimiento de activos financieros; Construccin̤ de portafolios de inversin̤ mediante programacin̤ lineal y la frontera eficiente; Anl̀isis de la volatilidad de activos financieros utilizando modelos de tipo ARCH y GARCH, Riesgo de mercado; Riesgo de crďito; Riesgo de liquidez; Riesgo operativo; Riesgo legal. 
506 1 |a Contenido solo disponible en los productos indicados  |d vLex Global  |d vLex Global (Academic Edition, excluding Law Schools)  |d vLex Global (U.S. Academic Edition, Law Schools)  |d vLex Global (U.S. Academic Edition, excluding Law Schools)  |d vLex Global (Academic Edition, Law Schools) 
650 0 4 |a Derecho  |z Mx̌ico 
740 0 |a vLex 
856 4 0 |u http://vlex.com/source/modelos-practicos-de-administracion-de-riesgos-13020  |z Acceso restringido 
942 |c BOOK 
999 0 |a Law